00788nam a2200289Ia 4500001000700000003000500007008004100012010001100053040000900064082001200073100003300085245009100118260003700209300001100246440000500257500000500262503000500267650003500272650003400307901001200341902000600353910000900359942000600368942000700374999001900381952009800400Z_4196CHAP220113s1974 xx 000 0 und d a167259 cCHAP a631 D4y aDent, John Barry ed.9141425 aEl análisis de sistemas de administración agrícola /cpor John Barry ed. Dent aMéxico, D. F. :bDiana,c1974 a463 p. a a a aAdministración rural9138129 aAnálisis de sistemas 95976 a631 D4y aA a1974 c1 cc1 c167259d167259 00102ddc40708GRALaZbZc3d2005-11-09pz_4337r2022-01-18 00:00:00t1w2022-01-18yLIBRO